Statistiques concernant Culture Générale - Série 603

Cliquez ici pour prendre le quiz!

Statistiques générales

  • Ce quiz a été pris 174 fois
  • Le résultat moyen est 7 sur 10

Statistiques - réponses

QuestionRéponse% Correct
Quel mot anglais signifiant "vert" désigne la partie gazonnée autour des trous d'un golf ?green
96%
Quelle couleur primaire doit-on mélanger au bleu pour obtenir du vert ?jaune
96%
D'après son étymologie, à quelle planète se réfère l'adjectif "tellurique" ?Terre
92%
Complétez le titre de cette comédie musicale avec Marilyn Monroe : "Les hommes préfèrent...les blondes
91%
Quel vélo à 2 places est aussi le titre d'une chanson de Vanessa Paradis ?tandem
91%
Comment appelle-t-on le médecin spécialiste des maladies infantiles ?pédiatre
89%
Quel oiseau est communément représenté sur la pointe des clochers d'églises, en France ?coq
75%
Hormis la nymphe, quel nom donne-t-on communément, au cocon servant d'étape intermédiaire entre la chenille et le papillon ?chrysalide
71%
Quel nom portait la navette spatiale qui, en 1986, explosa en vol avec 7 astronautes à son bord ?Challenger
31%
À quel compositeur doit-on les musiques des films “La Peau douce” et “La Gifle” ?Georges Delerue
4%

Distribution des résultats

Percentile par nombre de réponses

% des personnes avec chaque résultat

Votre développement - résultats

Vous n’avez pas pris ce quiz